Trouvez le bon drapeau! - Statistiques

Statistiques générales
  • Ce quiz a été pris 79 fois
  • Le résultat moyen est 4 sur 10
Statistiques - réponses
Question Réponse % Correct
Luxembourg
90%
Confédération d'argentine (1831-1835)
60%
Indonésie
58%
Espagne nationaliste (1939-1977)
49%
Allemagne de l'Est (Octobre 1949 - 3 Octobre 1990)
46%
Empire russe (1858-1896)
33%
Roumanie (1965-1989)
33%
Empire Ottoman (1826-1844)
26%
France (février 1848 - mars 1848)
15%
République italienne (1802-1805)
10%
Aucun quiz correspondant
Distribution des résultats
% des personnes avec chaque résultat
Percentile par nombre de réponses
Votre historique - résultats
Vous n’avez pas pris ce quiz